Municipalities of East Timor (with map) - Statistics

General Stats
  • This quiz has been taken 2,049 times
  • The average score is 6 of 13
Answers on the Map
Answers color-coded by a green-red scale on the quiz's map according to % correct below.
 
Answer Stats
Municipalities % Correct
Dili
97%
Oecusse
53%
Viqueque
49%
Baucau
48%
Aileu
46%
Bobonaro
46%
Cova Lima
46%
Lautém
46%
Ainaro
43%
Liquiçá
42%
Manatuto
42%
Ermera
40%
Manufahi
39%
No matching quizzes found
Score Distribution
Percent of People with Each Score
Percentile by Number Answered
Your Score History
You have not taken this quiz